Warships & sea battles of World War I. /

Bibliographic Details
Other Authors: Fitzsimons, Bernard (Editor)
Format: Book
Language:English
Published: New York : Beekman House, [1973]
Subjects:

MARC

Tag First Indicator Second Indicator Subfields
LEADER 00000cam a2200000 4500
001 in00000007495
005 20151005090007.0
008 741125s1973 nyua b 00000 eng d
020 |a 0517130912 
035 |a (OCoLC)01086615 
035 |9 AAA1990AM 
040 |a TLM  |c TLM  |d m/c  |d TXA  |d UtOrBLW 
049 |a TXAM  |c [A10998812] 
050 4 |a V750  |b .W37 1973 
245 0 0 |a Warships & sea battles of World War I. /  |c [Edited by Bernard Fitzsimons]. 
264 1 |a New York :  |b Beekman House,  |c [1973] 
300 |a 160 pages :  |b illustrations (some color) ;  |c 31 cm. 
336 |a text  |b txt  |2 rdacontent 
337 |a unmediated  |b n  |2 rdamedia 
338 |a volume  |b nc  |2 rdacarrier 
500 |a "First published in Purnell's history of the First World War." 
504 |a Includes bibliographies. 
650 0 |a World War, 1914-1918  |x Naval operations. 
650 0 |a Warships. 
700 1 |a Fitzsimons, Bernard,  |e editor. 
999 |a MARS 
999 f f |s cae61c18-6840-371b-8e4c-0cc9c827f244  |i 9ae1f4b0-a22a-30b1-9ff4-140317174668  |t 0 
952 f f |p ric  |a Texas A&M University  |b Rellis Campus  |c Joint Library Facility  |d Remote Storage  |t 0  |e V750 .W37 1973  |h Library of Congress classification  |i unmediated -- volume  |m A14810998812 
998 f f |a V750 .W37 1973  |t 0  |l Remote Storage